000 00664nam a2200241 i 4500
001 C2-0343349
003 PPAK
005 20180728144540.0
008 171001s2000 enka|||| ||||| | eng d
020 _a9780744577242
040 _aPPAK
_beng
_cPPAK
_erda
082 0 4 _a823
_223
090 0 0 _a823
_bKIN
_dK
100 1 _aKing-Smith, Dick,
_d1922-2011.
_eauthor
245 1 0 _aSophie's lucky
264 1 _aLondon :
_bWalker Books Ltd ,
_c2000
300 _a108 pages :
_billustrations ;
_c20 cm
336 _2rdacontent
_atext
337 _2rdamedia
_aunmediated
338 _2rdacarrier
_avolume
650 1 0 _aChildren's stories, English.
942 _ddc
_cB
999 _c140216
_d140216